[Event "38th ECC Open 2023"]
[Site "Durres ALB"]
[Date "2023.10.01"]
[Round "1.12"]
[Board "5"]
[White "Postny, Evgeny"]
[Black "Papadopoulos, Argirios"]
[Result "1-0"]
[WhiteTitle "GM"]
[BlackTitle "FM"]
[WhiteElo "2568"]
[BlackElo "2081"]
[WhiteTeam "Beer Sheva Chess Club"]
[BlackTeam "Chania Chess Academy"]
[WhiteFideId "2804344"]
[BlackFideId "4241509"]
[EventDate "2023.10.01"]

1. d4 Nf6 2. c4 e6 3. Nf3 Bb4+ 4. Bd2 a5 5. g3 d6 6. Bg2 Nbd7 7. O-O e5 8. Be3
exd4 9. Bxd4 O-O 10. Qc2 Re8 11. a3 Bc5 12. Nc3 c6 13. Rad1 Qe7 14. Rfe1 h6 15.
e4 Bxd4 16. Nxd4 Nb6 17. Bf1 Bg4 18. Rd2 Rad8 19. h3 c5 20. Ndb5 Bf5 21. Qd1 Nc8
22. Re3 Bd7 23. Bg2 Bc6 24. b3 Kh7 25. Red3 Nxe4 26. Nxe4 Bxe4 27. Re2 f5 28. f3
Bxd3 29. Rxe7 Rxe7 30. Qxd3 g6 31. Nc3 Rde8 32. Nd5 Re1+ 33. Bf1 R8e6 34. Qc3 g5
35. Kf2 Rd1 36. Qc2 Ree1 37. Qxf5+ Kg7 38. Bd3 1-0

[Event "38th ECC Open 2023"]
[Site "Durres ALB"]
[Date "2023.10.01"]
[Round "1.12"]
[Board "6"]
[White "Verikakis, Manolis"]
[Black "Huzman, Alexander"]
[Result "0-1"]
[BlackTitle "GM"]
[WhiteElo "2031"]
[BlackElo "2526"]
[WhiteTeam "Chania Chess Academy"]
[BlackTeam "Beer Sheva Chess Club"]
[WhiteFideId "4211901"]
[BlackFideId "2803828"]
[EventDate "2023.10.01"]

1. e4 c6 2. d4 d5 3. e5 Bf5 4. c4 e6 5. Nc3 Ne7 6. Qb3 Qb6 7. c5 Qc7 8. Nf3 Nd7
9. Be3 Bg4 10. Be2 Nf5 11. Qc2 Be7 12. h3 Bxf3 13. Bxf3 f6 14. exf6 Bxf6 15.
O-O-O O-O 16. Bg4 b6 17. Bxf5 exf5 18. cxb6 Nxb6 19. Qxf5 Nc4 20. b3 Nxe3 21.
fxe3 Rae8 22. Qc2 Qg3 23. e4 Bg5+ 24. Kb1 Rf2 25. Qd3 Qxd3+ 26. Rxd3 dxe4 27.
Rg3 Bd2 28. Nd1 Re2 29. Rf1 Rd8 30. Nc3 Re1+ 31. Rxe1 Bxe1 32. Re3 Bd2 33. Rg3
Be1 34. Re3 Bd2 35. Rg3 Rxd4 36. Ne2 Rd5 37. Rg4 Re5 38. Kc2 Be1 39. Kd1 Ba5 40.
Ng3 Rd5+ 41. Kc1 e3 42. Re4 Rd2 43. Rxe3 Rxg2 44. Ne2 Bb6 45. Re4 Rh2 46. h4 Bf2
47. Kc2 Bxh4 48. Kd3 Rh3+ 49. Kc4 Bf2 50. Nd4 Bxd4 51. Rxd4 h5 52. a4 Rg3 53.
Kc5 Rg6 54. b4 Rh6 55. b5 cxb5 56. axb5 h4 57. Rd8+ Kh7 58. Rd7 h3 0-1

[Event "38th ECC Open 2023"]
[Site "Durres ALB"]
[Date "2023.10.01"]
[Round "1.13"]
[Board "1"]
[White "Sigurpalsson, Runar"]
[Black "Sanal, Vahap"]
[Result "0-1"]
[WhiteTitle "FM"]
[BlackTitle "GM"]
[WhiteElo "2276"]
[BlackElo "2603"]
[WhiteTeam "Akureyri Chess Club"]
[BlackTeam "Gokturk Chess Sport Club"]
[WhiteFideId "2301024"]
[BlackFideId "6300545"]
[EventDate "2023.10.01"]

1. a3 e5 2. b4 d5 3. Bb2 Bd6 4. e3 Nf6 5. c4 c6 6. cxd5 cxd5 7. Nf3 Qe7 8. Bb5+
Bd7 9. Bxd7+ Nbxd7 10. Nc3 O-O 11. Qb3 d4 12. Ne2 a5 13. exd4 e4 14. Ne5 axb4
15. axb4 Nxe5 16. dxe5 Bxe5 17. O-O Rad8 18. Ra5 Bxb2 19. Qxb2 Rd6 20. Ng3 Qd7
21. Rd1 b5 22. Nf1 Nd5 23. Rda1 Nb6 24. Ra7 Qe6 25. Qc3 Nc4 26. Ra8 Rdd8 27.
Rxd8 Rxd8 28. Qd4 Qe8 29. Qc5 h6 30. Ra2 Ne5 31. Ra5 Rb8 32. h3 Nd3 33. Qd4 Rd8
34. Qb6 Rb8 35. Qd4 Qe7 36. Ng3 Qxb4 37. Qxb4 Nxb4 38. Nxe4 Nc2 39. Ra2 Nd4 40.
f3 b4 41. Kf2 f5 42. Nc5 b3 43. Rb2 f4 44. Ne4 Kf7 45. Ke1 Ra8 46. d3 Ra2 47.
Nd6+ Ke6 48. Nc4 Kd5 49. Kd2 Kc5 50. Kc3 Ra1 51. Rd2 Rc1+ 52. Kb2 Re1 53. Kc3 g5
54. Na5 Rb1 55. Nb7+ Kd5 56. Na5 Rc1+ 57. Kb2 Rc7 58. Nc4 Kc5 59. Kc3 Ra7 60.
Nb2 Nb5+ 0-1

[Event "38th ECC Open 2023"]
[Site "Durres ALB"]
[Date "2023.10.01"]
[Round "1.13"]
[Board "3"]
[White "Thorsteinsson, Arnar"]
[Black "Can, Emre"]
[Result "0-1"]
[WhiteTitle "CM"]
[BlackTitle "GM"]
[WhiteElo "2232"]
[BlackElo "2576"]
[WhiteTeam "Akureyri Chess Club"]
[BlackTeam "Gokturk Chess Sport Club"]
[WhiteFideId "2300524"]
[BlackFideId "6302181"]
[EventDate "2023.10.01"]

1. e4 c5 2. Nf3 d6 3. d4 cxd4 4. Nxd4 Nf6 5. Nc3 a6 6. Bg5 e6 7. Qd3 b5 8. a3
Nbd7 9. O-O-O Bb7 10. f3 Be7 11. h4 O-O 12. Kb1 Rb8 13. g4 Ba8 14. Bc1 Nc5 15.
Qe3 b4 16. axb4 Rxb4 17. Na2 Rb6 18. h5 h6 19. Bd3 Qc7 20. Rdg1 Nfd7 21. f4 Rfb8
22. g5 hxg5 23. h6 Qb7 24. b3 Nxd3 25. hxg7 Qxe4 26. Qh3 Rxb3+ 27. Nxb3 Rxb3+
28. Ka1 Bf6+ 29. c3 Rb1+ 0-1

[Event "38th ECC Open 2023"]
[Site "Durres ALB"]
[Date "2023.10.01"]
[Round "1.13"]
[Board "4"]
[White "Gokerkan, Cem Kaan"]
[Black "Bjorgvinsson, Andri Freyr"]
[Result "1-0"]
[WhiteTitle "GM"]
[WhiteElo "2515"]
[BlackElo "2111"]
[WhiteTeam "Gokturk Chess Sport Club"]
[BlackTeam "Akureyri Chess Club"]
[WhiteFideId "6336760"]
[BlackFideId "2306913"]
[EventDate "2023.10.01"]

1. Nf3 c5 2. g3 Nc6 3. Bg2 g6 4. c4 Bg7 5. Nc3 e5 6. d3 Nge7 7. Nd2 d6 8. Nf1
Be6 9. Ne3 O-O 10. Ned5 Qd7 11. h4 h5 12. Rb1 f5 13. Bg5 Rae8 14. a3 f4 15. gxf4
exf4 16. Nxf4 Bg4 17. f3 Be5 18. Qd2 Nd4 19. fxg4 Qxg4 20. O-O Nb3 21. Qd1 Bxf4
22. Bxf4 Rxf4 23. Qxb3 Rxf1+ 24. Rxf1 Qd4+ 25. Rf2 Rf8 26. Ne4 Rxf2 27. Nxf2
Qxh4 28. Qc3 b6 29. e4 Nc6 30. Qd2 Nd4 31. Qe3 Qf6 32. b4 g5 33. bxc5 bxc5 34.
e5 dxe5 35. Ne4 Qf4 36. Qxf4 Ne2+ 37. Kf2 Nxf4 38. Nxg5 Nxd3+ 39. Ke3 Nf4 40.
Bb7 Kg7 41. Ne4 Ne6 42. Bc8 Nd4 43. Kd3 1-0

[Event "38th ECC Open 2023"]
[Site "Durres ALB"]
[Date "2023.10.01"]
[Round "1.13"]
[Board "5"]
[White "Karlsson, Mikael Johann"]
[Black "Kilic, Eray"]
[Result "0-1"]
[BlackTitle "IM"]
[WhiteElo "2121"]
[BlackElo "2432"]
[WhiteTeam "Akureyri Chess Club"]
[BlackTeam "Gokturk Chess Sport Club"]
[WhiteFideId "2305194"]
[BlackFideId "44517173"]
[EventDate "2023.10.01"]

1. c4 e5 2. g3 h5 3. h4 Nc6 4. Bg2 Bc5 5. Nc3 d6 6. e3 Bg4 7. Nge2 Nf6 8. a3 a5
9. Qa4 O-O 10. Bxc6 bxc6 11. Qxc6 e4 12. Nd5 Nxd5 13. Qxd5 Re8 14. d4 exd3 15.
Qxd3 Qf6 16. Nf4 Bf3 17. Nd5 Qd8 18. Rg1 c6 19. Nf4 Rb8 20. Qf5 Re5 21. Qc2 Qf6
22. b4 axb4 23. axb4 Bxb4+ 24. Bd2 Rd5 25. Rb1 Rxd2 0-1

[Event "38th ECC Open 2023"]
[Site "Durres ALB"]
[Date "2023.10.02"]
[Round "2.1"]
[Board "1"]
[White "Blomqvist, Erik"]
[Black "Deac, Bogdan-Daniel"]
[Result "1/2-1/2"]
[WhiteTitle "GM"]
[BlackTitle "GM"]
[WhiteElo "2509"]
[BlackElo "2701"]
[WhiteTeam "SK Rockaden"]
[BlackTeam "Superchess"]
[WhiteFideId "1709437"]
[BlackFideId "1226380"]
[EventDate "2023.10.01"]

1. e4 c5 2. Nf3 e6 3. d4 cxd4 4. Nxd4 a6 5. c4 Nf6 6. Nc3 Qc7 7. a3 b6 8. f4 Bb7
9. Bd3 d6 10. Qe2 g6 11. O-O Be7 12. Bd2 Nbd7 13. b4 O-O 14. Kh1 Rfe8 15. Nf3
Bf8 16. Rae1 Bg7 17. Ng5 Rad8 18. Qf2 Bc6 19. Qh4 Nf8 20. Re2 h6 21. Nf3 N6h7
22. Qf2 f5 23. Nd4 fxe4 24. Nxe4 Bxe4 25. Bxe4 Qxc4 26. Nc6 Rd7 27. Rc1 Qb3 28.
Qxb6 Qxa3 29. Nb8 Rf7 30. Qxa6 Qb3 31. Qxd6 Nf6 32. Bf3 N8h7 33. Nc6 Rd7 34. Qc5
Rd3 35. Ne5 Rdd8 36. Qc2 Qxc2 37. Rxc2 g5 38. h3 Nd5 39. fxg5 Nxg5 40. Bg4 Nf6
41. Bf3 Nxf3 42. Nxf3 Rd6 43. Ne5 Nd5 44. Nc6 Ra8 45. Re1 Ra6 46. b5 Rb6 47. Rb1
Kh7 48. Be1 Nc7 49. Na7 Rb7 50. Bg3 e5 51. Bf2 Rf6 52. Bg1 e4 53. Rc4 Nd5 54.
Nc6 e3 55. Rc5 e2 56. Re1 Nf4 57. Ne5 Rd6 58. Nf3 Nd3 59. Rxe2 Nxc5 60. Bxc5
Rd1+ 61. Kh2 Rxb5 62. Bf2 h5 63. g4 hxg4 64. hxg4 Rd3 1/2-1/2

[Event "38th ECC Open 2023"]
[Site "Durres ALB"]
[Date "2023.10.02"]
[Round "2.1"]
[Board "2"]
[White "Van Foreest, Jorden"]
[Black "Seo, Jung Min"]
[Result "1-0"]
[WhiteTitle "GM"]
[BlackTitle "IM"]
[WhiteElo "2707"]
[BlackElo "2466"]
[WhiteTeam "Superchess"]
[BlackTeam "SK Rockaden"]
[WhiteFideId "1039784"]
[BlackFideId "1734687"]
[EventDate "2023.10.01"]

1. Nf3 Nf6 2. c4 b6 3. d4 e6 4. a3 Ba6 5. Qc2 Bb7 6. Nc3 c5 7. dxc5 Bxc5 8. Bf4
O-O 9. Rd1 Nc6 10. e3 Nh5 11. Bg3 f5 12. Be2 Nxg3 13. hxg3 g6 14. O-O Rf7 15.
Rd2 Qf6 16. Rfd1 Rd8 17. Nb5 g5 18. b4 Bf8 19. Nd6 Bxd6 20. Rxd6 Ne5 21. Nxe5
Qxe5 22. Qd2 Re7 23. c5 bxc5 24. bxc5 Qxc5 25. Qb2 Bd5 26. Qe5 Rg7 27. Bf3 Qc2
28. R1xd5 exd5 29. g4 Kh8 30. gxf5 g4 31. f6 Rf7 32. Rxd7 Rg8 33. Rxf7 gxf3 34.
Rxh7+ Qxh7 35. f7+ Qg7 36. Qh5+ Qh7 37. Qxh7+ Kxh7 38. fxg8=B+ Kxg8 39. gxf3 a5
40. Kf1 Kf7 41. Ke2 Kg6 42. Kd3 a4 43. Kd4 Kg5 44. Kxd5 Kh4 45. e4 Kh3 46. e5
Kg2 47. e6 Kf1 48. e7 Kg1 49. e8=Q 1-0

[Event "38th ECC Open 2023"]
[Site "Durres ALB"]
[Date "2023.10.02"]
[Round "2.1"]
[Board "3"]
[White "Trost, Edvin"]
[Black "Fedoseev, Vladimir3"]
[Result "0-1"]
[WhiteTitle "FM"]
[BlackTitle "GM"]
[WhiteElo "2442"]
[BlackElo "2691"]
[WhiteTeam "SK Rockaden"]
[BlackTeam "Superchess"]
[WhiteFideId "1729519"]
[BlackFideId "24130737"]
[EventDate "2023.10.01"]

1. e4 c5 2. Nf3 Nc6 3. d4 cxd4 4. Nxd4 e5 5. Nb5 d6 6. N1c3 a6 7. Na3 b5 8. Nd5
Rb8 9. c4 b4 10. Nc2 Nf6 11. Bd3 Be7 12. O-O O-O 13. a3 bxa3 14. Rxa3 a5 15. Na1
Nxd5 16. cxd5 Nb4 17. Be2 Bd7 18. Bd2 Qc7 19. Qc1 Qd8 20. Qd1 f5 21. exf5 Bxf5
22. Bg4 Qd7 23. Bxf5 Qxf5 24. Qb1 Qxb1 25. Rxb1 Bd8 26. Bxb4 Rxb4 27. Nc2 Rb5
28. Ne3 Bb6 29. Rd3 a4 30. Ra3 Rf4 31. g3 Re4 32. Rba1 Rbb4 33. R1a2 Bc5 34. Kf1
Rbd4 35. Rc3 Rd2 36. Ke1 Red4 37. Rc4 R4d3 38. Raxa4 Bxe3 39. fxe3 Rxh2 40. Rc3
Rdd2 41. Ra7 h5 42. Rcc7 Rxb2 43. Rxg7+ Kf8 44. Rgf7+ Ke8 45. Rfe7+ Kd8 46.
Red7+ Kc8 47. Rdc7+ Kb8 0-1

[Event "38th ECC Open 2023"]
[Site "Durres ALB"]
[Date "2023.10.02"]
[Round "2.1"]
[Board "4"]
[White "Shevchenko, Kirill"]
[Black "Barkhagen, Jonas"]
[Result "1-0"]
[WhiteTitle "GM"]
[BlackTitle "IM"]
[WhiteElo "2671"]
[BlackElo "2425"]
[WhiteTeam "Superchess"]
[BlackTeam "SK Rockaden"]
[WhiteFideId "14129574"]
[BlackFideId "1700855"]
[EventDate "2023.10.01"]

1. Nf3 Nf6 2. g3 d5 3. Bg2 c6 4. c4 Bf5 5. Qb3 Qb6 6. d3 e6 7. Be3 dxc4 8. dxc4
Qxb3 9. axb3 Bxb1 10. Rxb1 Na6 11. O-O Nd7 12. Rfd1 Bc5 13. Nd4 O-O-O 14. Ra1
Nf6 15. b4 Nxb4 16. Nxc6 Rxd1+ 17. Rxd1 Bxe3 18. Nxb4 Bc5 19. Nd3 Bd6 20. Ra1
Bb8 21. Ra3 Rd8 22. Rb3 b6 23. c5 bxc5 24. Bb7+ Kd7 25. Nxc5+ Ke7 26. Bf3 Be5
27. Rb7+ Kf8 28. Nd3 Bd4 29. Nb4 Bb6 30. Nc6 Rd7 31. Rb8+ Ne8 32. h4 f6 33. h5
h6 34. Kg2 Rc7 35. g4 Kf7 36. Be4 f5 37. gxf5 Nd6 38. Nd8+ Kf6 39. Nxe6 Nxe4 40.
Rxb6 axb6 41. Nxc7 Kxf5 42. Ne8 g6 43. f3 Nc5 44. Nd6+ Kg5 45. hxg6 Kxg6 46. Kg3
Na4 47. b4 Nc3 48. e4 Ne2+ 49. Kh4 Nd4 50. f4 b5 51. Nc8 Nc6 52. Nd6 Nxb4 53.
Nxb5 Nd3 54. Kg3 h5 55. Nc3 h4+ 56. Kf3 h3 57. Ne2 h2 58. Ng3 Kf6 59. Ke3 Nc5
60. Nh1 Ke6 61. Nf2 Kd6 62. Nh1 Ke6 63. Kd4 Nd7 64. Ng3 Nf6 65. f5+ Kf7 66. e5
Nh5 67. Nh1 Nf4 68. Ke4 Ne2 69. Kd5 Ke7 70. Ke4 Kf7 71. Ke3 Nc3 72. Kf3 Nd5 73.
Nf2 Ke7 74. Ke4 Nc3+ 75. Kd3 Nd5 76. Kd4 Nf4 77. Ke4 Ne2 78. Ke3 Ng3 79. Kf4
h1=Q 80. Nxh1 Nxh1 1-0

[Event "38th ECC Open 2023"]
[Site "Durres ALB"]
[Date "2023.10.02"]
[Round "2.1"]
[Board "5"]
[White "Kenneskog, Theodor"]
[Black "Nisipeanu, Liviu-Dieter"]
[Result "1/2-1/2"]
[WhiteTitle "FM"]
[BlackTitle "GM"]
[WhiteElo "2335"]
[BlackElo "2600"]
[WhiteTeam "SK Rockaden"]
[BlackTeam "Superchess"]
[WhiteFideId "1715011"]
[BlackFideId "1202758"]
[EventDate "2023.10.01"]

1. e4 e5 2. Nf3 Nc6 3. Bc4 Nf6 4. d3 Be7 5. O-O O-O 6. Re1 d6 7. a4 Kh8 8. a5 a6
9. h3 Ng8 10. Nc3 f5 11. Nd5 Bf6 12. c3 Nce7 13. Nxf6 Nxf6 14. Ng5 Qe8 15. d4
Nxe4 16. dxe5 dxe5 17. Nxe4 fxe4 18. Rxe4 Ng6 19. Qe1 Bf5 20. Re3 Rd8 21. b3 Be6
22. Ba3 Rf6 23. Bxe6 Rxe6 24. Rd1 Rxd1 25. Qxd1 h6 26. c4 Nf4 27. Kh2 e4 28. Qd4
Qg6 29. Rg3 Ne2 30. Qd8+ Qe8 31. Qxe8+ Rxe8 32. Re3 Nd4 33. Bb2 Nf5 34. Re2 Kg8
35. f3 Nd6 36. Kg3 Kf7 37. Bc3 g5 38. Kf2 Re6 39. Bb4 exf3 40. Kxf3 Rxe2 41.
Kxe2 Nf5 1/2-1/2

[Event "38th ECC Open 2023"]
[Site "Durres ALB"]
[Date "2023.10.02"]
[Round "2.1"]
[Board "6"]
[White "Lupulescu, Constantin"]
[Black "Bator, Robert"]
[Result "1-0"]
[WhiteTitle "GM"]
[BlackTitle "IM"]
[WhiteElo "2581"]
[BlackElo "2342"]
[WhiteTeam "Superchess"]
[BlackTeam "SK Rockaden"]
[WhiteFideId "1207822"]
[BlackFideId "1700405"]
[EventDate "2023.10.01"]

1. d4 d5 2. c4 e6 3. Nc3 Nf6 4. cxd5 exd5 5. Bg5 Be7 6. e3 O-O 7. Bd3 h6 8. Bh4
c6 9. Nge2 a5 10. O-O b5 11. f3 b4 12. Na4 Nfd7 13. Bf2 c5 14. dxc5 Nxc5 15.
Nxc5 Bxc5 16. Nf4 Bb7 17. Bc2 Ra6 18. Qd3 g6 19. Bb3 Rd6 20. Rfd1 Na6 21. Rac1
Qa8 22. h4 Rfd8 23. h5 g5 24. Ne2 Qa7 25. Bc2 f5 26. Qxf5 Bc8 27. Qd3 g4 28. Nf4
g3 29. Bxg3 Bxe3+ 30. Kh2 Bxc1 31. Rxc1 Qg7 32. Ng6 Re6 33. Bb3 Bb7 34. Qf5 Qf6
35. Qg4 Rc6 36. Ne7+ Kf8 37. Bh4 Qd6+ 38. f4 Qe6 39. Ng6+ Ke8 40. Re1 1-0

[Event "38th ECC Open 2023"]
[Site "Durres ALB"]
[Date "2023.10.02"]
[Round "2.2"]
[Board "2"]
[White "Wadsworth, Matthew J"]
[Black "Sadhwani, Raunak"]
[Result "0-1"]
[WhiteTitle "IM"]
[BlackTitle "GM"]
[WhiteElo "2446"]
[BlackElo "2641"]
[WhiteTeam "Wood Green"]
[BlackTeam "Offerspill Sjakklubb"]
[WhiteFideId "415804"]
[BlackFideId "35093487"]
[EventDate "2023.10.01"]

1. d4 Nf6 2. c4 e6 3. Nf3 b6 4. g3 Bb7 5. Bg2 Be7 6. O-O O-O 7. Re1 a5 8. h4 h6
9. Nc3 Bb4 10. Qc2 Bxc3 11. Qxc3 d6 12. b3 Nbd7 13. a3 Qb8 14. Bb2 Ne4 15. Qc2
f5 16. d5 e5 17. Bh3 Qe8 18. Bxf5 Rxf5 19. Qxe4 Qf7 20. Rad1 Rf8 21. Rf1 b5 22.
Bc1 bxc4 23. bxc4 Bc8 24. Qe3 Ba6 25. Qe4 Nb6 26. c5 Na4 27. Bd2 Nxc5 28. Qe3
Bxe2 29. Qxe2 Rxf3 30. Be3 Ne4 31. Rc1 Qg6 32. Ba7 Qg4 33. Qc4 R8f4 0-1

[Event "38th ECC Open 2023"]
[Site "Durres ALB"]
[Date "2023.10.02"]
[Round "2.2"]
[Board "3"]
[White "Tari, Aryan"]
[Black "Willow, Jonah B"]
[Result "1-0"]
[WhiteTitle "GM"]
[BlackTitle "IM"]
[WhiteElo "2619"]
[BlackElo "2425"]
[WhiteTeam "Offerspill Sjakklubb"]
[BlackTeam "Wood Green"]
[WhiteFideId "1510045"]
[BlackFideId "438804"]
[EventDate "2023.10.01"]

1. e4 c5 2. Nf3 e6 3. Nc3 Nc6 4. h3 a6 5. d4 cxd4 6. Nxd4 Qc7 7. Nxc6 Qxc6 8. a4
Bc5 9. Bd3 Ne7 10. O-O O-O 11. e5 Ng6 12. Qh5 d5 13. a5 Bd7 14. Ra4 d4 15. Rc4
dxc3 16. b4 Rfc8 17. bxc5 Be8 18. Be3 Qc7 19. Rb1 Rd8 20. c6 bxc6 21. Bb6 Qb8
22. Be4 Rd2 23. Rxc3 h6 24. Rc5 Qb7 25. Qf3 Qe7 26. g3 Rb8 27. Qc3 Rdd8 28. Re1
Rdc8 29. Rc4 Qg5 30. h4 Qxe5 31. Bd4 Qc7 32. h5 f5 33. Bf3 Ne7 34. Be5 Qd7 35.
Bxb8 Rxb8 36. Rb4 Rxb4 37. Qxb4 Kh7 38. Qc4 Nd5 39. Qxa6 1-0

[Event "38th ECC Open 2023"]
[Site "Durres ALB"]
[Date "2023.10.02"]
[Round "2.2"]
[Board "4"]
[White "Derakhshani, Borna"]
[Black "Pranav, V"]
[Result "1-0"]
[WhiteTitle "FM"]
[BlackTitle "GM"]
[WhiteElo "2358"]
[BlackElo "2579"]
[WhiteTeam "Wood Green"]
[BlackTeam "Offerspill Sjakklubb"]
[WhiteFideId "12518450"]
[BlackFideId "25060783"]
[EventDate "2023.10.01"]

1. e4 c6 2. Nf3 d5 3. Nc3 Bg4 4. h3 Bxf3 5. Qxf3 e6 6. Be2 Bc5 7. O-O Ne7 8. Rd1
Bd4 9. Bf1 O-O 10. Ne2 Bb6 11. d4 Nd7 12. Ng3 Rc8 13. c3 Ng6 14. Bd3 Bc7 15. Nh5
Qh4 16. Qg4 Qe7 17. Re1 Rce8 18. e5 f5 19. Qe2 c5 20. f4 Bb6 21. Be3 Rc8 22. a3
cxd4 23. cxd4 Nb8 24. Rad1 Nc6 25. Bb1 Qh4 26. Kh2 Rf7 27. Rf1 Nf8 28. g3 Qd8
29. g4 g6 30. Nf6+ Rxf6 31. exf6 Qxf6 32. Qf2 Na5 33. Ba2 Nd7 34. Rc1 Nc6 35. b4
Rf8 36. g5 Qg7 37. Rfd1 h6 38. b5 Ne7 39. h4 Nc8 40. Qe1 Nd6 41. a4 Ne4 42. Kg2
Qe7 43. Rd3 Qd8 44. Bd2 Kf7 45. a5 Bc7 46. a6 bxa6 47. bxa6 hxg5 48. hxg5 Rh8
49. Rh3 Bb6 50. Be3 Rxh3 51. Kxh3 Qe7 52. Ra1 Kg8 53. Bb1 Nd6 54. Bd3 Bd8 55.
Kg2 Nb6 56. Bd2 Ne4 57. Bb4 Qc7 58. Qh4 Qg7 59. Rh1 Nc4 60. Bxe4 fxe4 61. Qh3
Kf7 62. Bc5 e3 63. Qh8 Qxh8 64. Rxh8 Nd2 65. Rxd8 1-0

[Event "38th ECC Open 2023"]
[Site "Durres ALB"]
[Date "2023.10.02"]
[Round "2.2"]
[Board "5"]
[White "Urkedal, Frode Olav Olsen"]
[Black "O'Donnell, Conor"]
[Result "1-0"]
[WhiteTitle "GM"]
[BlackTitle "FM"]
[WhiteElo "2519"]
[BlackElo "2308"]
[WhiteTeam "Offerspill Sjakklubb"]
[BlackTeam "Wood Green"]
[WhiteFideId "1506102"]
[BlackFideId "2504243"]
[EventDate "2023.10.01"]

1. d4 Nf6 2. c4 e6 3. Nf3 d5 4. Nc3 c5 5. cxd5 cxd4 6. Qxd4 exd5 7. Bg5 Be7 8.
e3 O-O 9. Be2 Nc6 10. Qd3 h6 11. Bh4 Qb6 12. Bxf6 Bxf6 13. O-O Rd8 14. Nxd5 Qxb2
15. Nxf6+ Qxf6 16. Qa3 b6 17. Rac1 Bb7 18. Ba6 Bxa6 19. Qxa6 Rd6 20. h3 Rad8 21.
Qa4 g6 22. Rc4 R8d7 23. Rfc1 Ne5 24. Rc8+ Kg7 25. Nd4 Nd3 26. R1c2 Nc5 27. Qa3
h5 28. Ra8 a6 29. Re8 Rd8 30. Rxd8 Qxd8 31. Rc4 Kh7 32. Qc3 Qf6 33. Qc2 Ne6 34.
Nxe6 Qxe6 35. Rf4 Kg8 36. h4 Qd7 37. a4 Rd2 38. Qc3 Rd3 39. Qe5 b5 40. axb5 Rd1+
41. Kh2 Qxb5 42. Qf6 Rd7 43. e4 a5 44. e5 Qb3 45. g4 Qe6 46. Qxe6 fxe6 47. Rf6
a4 48. Rxe6 Kf7 49. Rf6+ Kg7 50. gxh5 gxh5 51. Ra6 Rd4 52. Kg3 Rg4+ 53. Kf3 Rxh4
54. Ke3 a3 55. f4 Rh1 56. f5 Rh4 57. Ra7+ Kf8 58. f6 Rh1 59. Kf4 Rf1+ 60. Kg5 a2
61. Rxa2 Kf7 62. Ra7+ Ke6 63. Re7+ Kd5 64. Kxh5 1-0

[Event "38th ECC Open 2023"]
[Site "Durres ALB"]
[Date "2023.10.02"]
[Round "2.2"]
[Board "6"]
[White "Stoyanov, Viktor"]
[Black "Haldorsen, Benjamin"]
[Result "0-1"]
[BlackTitle "IM"]
[WhiteElo "2304"]
[BlackElo "2454"]
[WhiteTeam "Wood Green"]
[BlackTeam "Offerspill Sjakklubb"]
[WhiteFideId "450308"]
[BlackFideId "1512633"]
[EventDate "2023.10.01"]

1. d4 d5 2. c4 e6 3. Nf3 Nf6 4. Nc3 c6 5. e3 a6 6. Qc2 c5 7. dxc5 Bxc5 8. a3
dxc4 9. Bxc4 O-O 10. O-O Nbd7 11. b4 Bd6 12. Bb2 b5 13. Be2 Bb7 14. Rfd1 Qe7 15.
Qd2 Bc7 16. Rac1 Nb6 17. Qd4 Rfd8 18. Qc5 Rxd1+ 19. Nxd1 Qxc5 20. bxc5 Na4 21.
c6 Bc8 22. Be5 Ne8 23. Nc3 Nxc3 24. Rxc3 Kf8 25. Rd3 Ke7 26. Bc3 f6 27. Bb4+ Kf7
28. Bc5 e5 29. Nd2 Bf5 30. e4 Be6 31. Nb1 Ba5 32. Bb4 Bxb4 33. axb4 Rc8 34. Rc3
Ke7 35. Kf1 Kd6 36. Ke1 Rxc6 37. Kd2 Rxc3 38. Kxc3 Kc6 39. Nd2 Nd6 40. f3 Kb6
41. Bd3 Nc8 42. Nf1 Ne7 43. Ne3 a5 44. Nc2 h5 45. Bf1 Nc6 46. Bd3 h4 47. Bf1 g5
48. h3 axb4+ 49. Nxb4 Na5 50. Be2 Nc4 51. Nc2 Kc5 52. Bd3 Bf7 53. Be2 Na3 54.
Ne3 b4+ 55. Kd2 Be6 56. Bd3 Kd4 57. Nd1 b3 58. Nc3 Nc4+ 59. Bxc4 Bxc4 60. Nd1
Bd3 0-1

[Event "38th ECC Open 2023"]
[Site "Durres ALB"]
[Date "2023.10.02"]
[Round "2.3"]
[Board "2"]
[White "Wachinger, Nikolas"]
[Black "Grandelius, Nils"]
[Result "1-0"]
[WhiteTitle "IM"]
[BlackTitle "GM"]
[WhiteElo "2426"]
[BlackElo "2689"]
[WhiteTeam "SV Werder Bremen"]
[BlackTeam "Novy Bor"]
[WhiteFideId "12962791"]
[BlackFideId "1710400"]
[EventDate "2023.10.01"]

1. e4 e5 2. Nf3 Nc6 3. Bb5 a6 4. Ba4 Nge7 5. c3 Ng6 6. d4 exd4 7. h4 d3 8. h5
Nge5 9. Nxe5 Nxe5 10. f4 b5 11. Bb3 Nc4 12. Qxd3 Bb7 13. Bc2 Qe7 14. Qe2 Qe6 15.
b3 Nb6 16. Be3 Bxe4 17. f5 Qe7 18. Bxe4 Qxe4 19. Nd2 Qe5 20. Nf3 Qe7 21. O-O-O
O-O-O 22. Rhe1 Qe4 23. Bxb6 Qxe2 24. Rxe2 cxb6 25. Ng5 f6 26. Nf7 Ba3+ 27. Kd2
a5 28. Rde1 Rhf8 29. Nxd8 Kxd8 30. Re4 Bd6 31. Rd4 Kc7 32. Rg4 Rg8 33. h6 g5 34.
fxg6 hxg6 35. h7 Rh8 36. Rh1 g5 37. Kd3 Kd8 38. Ke4 Ke7 39. Kf5 Be5 40. Rxg5
fxg5 41. Kxe5 Kf7 42. Kf5 1-0

[Event "38th ECC Open 2023"]
[Site "Durres ALB"]
[Date "2023.10.02"]
[Round "2.3"]
[Board "3"]
[White "Nguyen, Thai Dai Van"]
[Black "Grigorian, Spartak"]
[Result "1-0"]
[WhiteTitle "GM"]
[BlackTitle "IM"]
[WhiteElo "2618"]
[BlackElo "2444"]
[WhiteTeam "Novy Bor"]
[BlackTeam "SV Werder Bremen"]
[WhiteFideId "358878"]
[BlackFideId "24661490"]
[EventDate "2023.10.01"]

1. c4 Nf6 2. Nc3 c6 3. d4 d5 4. cxd5 cxd5 5. Bf4 Nc6 6. Nf3 a6 7. Ne5 e6 8. e3
Bd6 9. Bd3 Qc7 10. Nxc6 Bxf4 11. exf4 Qxc6 12. O-O O-O 13. Na4 Qd6 14. g3 g6 15.
Qb3 Nd7 16. Rac1 b6 17. Qc3 Rb8 18. a3 Rd8 19. Rc2 Kf8 20. Qd2 Bb7 21. Qe2 Ra8
22. Rfc1 Rdc8 23. Rxc8+ Bxc8 24. Qc2 Ke7 25. Qe2 Kf8 26. h4 Bb7 27. h5 Bc6 28.
Nc3 a5 29. Nb5 Bxb5 30. Bxb5 Rd8 31. h6 Qb8 32. Bxd7 Rxd7 33. Rc6 Rd6 34. Qe5
Ke7 35. Rc3 f6 36. Qe2 Qb7 37. Qb5 f5 38. Qe2 Rc6 39. Qe5 Qc8 40. Qg7+ Kd6 41.
Qe5+ Kd7 42. Qg7+ Kd6 43. Rxc6+ Qxc6 44. Qxh7 Qc1+ 45. Kg2 Qe1 46. Qg7 Qe4+ 47.
Kh2 Qf3 48. Kg1 1-0